Statistics for Every 100k+ City in Great Lakes Megalopolis on a Map

Click here to take the quiz!

General Stats

  • This quiz has been taken 441 times
    (407 since last reset)
  • The average score is 36 of 58

Answers on the Map

Answers color-coded by a green-red scale on the quiz's map according to % correct below.
 

Answer Stats

PopulationCity% Correct
8.6 milChicago
99%
3.73 milDetroit
98%
1.48 milIndianapolis
96%
1.37 milMilwaukee
96%
1.36 milColumbus
95%
5.42 milToronto
95%
1.78 milCleveland
94%
2.65 milMinneapolis
94%
1.73 milPittsburgh
92%
935kBuffalo
91%
1.64 milCincinnati
91%
2.15 milSt. Louis
91%
1.51 milKansas City
90%
401kMadison
85%
507kToledo
85%
720kRochester
83%
107kRochester
83%
161kSpringfield
83%
972kLouisville
82%
206kGreen Bay
81%
196kErie
80%
569kGrand Rapids
79%
313kLansing
79%
569kAkron
78%
150kTopeka
78%
724kDayton
70%
306kAnn Arbor
69%
313kFort Wayne
69%
693kHamilton
67%
356kFlint
65%
383kLondon
65%
124kKenosha
60%
278kSouth Bend
60%
296kRockford
55%
209kKalamazoo
51%
280kDavenport
50%
266kPeoria
50%
387kYoungstown
50%
102kEau Claire
49%
133kRacine
47%
108kBloomington
44%
132kBloomington
44%
116kSt. Cloud
43%
145kChampaign
41%
126kSaginaw
41%
216kAppleton
40%
279kCanton
39%
161kMuskegon
34%
470kKitchener
33%
147kLafayette
30%
308kOshawa
29%
229kSt. Catharines
27%
143kElkhart
26%
180kLorain
26%
132kGuelph
22%
101kMilton
11%
290kRound Lake Beach
8%
119kSouth Lyon
6%

Score Distribution

Percentile by Number Answered

Percent of People with Each Score

Your Score History

You have not taken this quiz since the last reset